Homo hierarchicus : (Record no. 57810)
[ view plain ]
| 000 -LEADER | |
|---|---|
| fixed length control field | 01329nam a2200349 a 4500 |
| 001 - CONTROL NUMBER | |
| control field | 57810 |
| 003 - CONTROL NUMBER IDENTIFIER | |
| rucl marc code | BD-RjUL |
| 005 - DATE AND TIME OF LATEST TRANSACTION | |
| control field | 20211209080544.0 |
| 008 - FIXED-LENGTH DATA ELEMENTS--GENERAL INFORMATION | |
| fixed length control field | 161212r20121988ii a b 001 0 eng d |
| 020 ## - INTERNATIONAL STANDARD BOOK NUMBER | |
| International Standard Book Number | 9780195645477 (pbk.) |
| International Standard Book Number | 0195645472 (pbk.) |
| 035 ## - SYSTEM CONTROL NUMBER | |
| System control number | (BD-RjUL) 57934 |
| 040 ## - CATALOGING SOURCE | |
| Original cataloging agency | ZQP |
| Description conventions | rda |
| Transcribing agency | ZQP |
| Modifying agency | CWS |
| -- | OCLCQ |
| -- | YDXCP |
| -- | OCLCG |
| -- | UkOxU |
| -- | UkOxU |
| Language of cataloging | BD-RjUL |
| 041 1# - LANGUAGE CODE | |
| Language code of text/sound track or separate title | eng |
| Language code of original | fre |
| 082 04 - DEWEY DECIMAL CLASSIFICATION NUMBER | |
| Classification number | 305.51220954 |
| Edition number | 23 |
| Author mark and year | DUH 2012 |
| 100 1# - MAIN ENTRY--PERSONAL NAME | |
| Personal name | Dumont, Louis, |
| Dates associated with a name | 1911-1998, |
| 9 (RLIN) | 171677 |
| 245 10 - TITLE STATEMENT | |
| Title | Homo hierarchicus : |
| Remainder of title | the caste system and its implications / |
| Statement of responsibility, etc. | Louis Dumont ; translated by Mark Sainsbury, Louis Dumont, and Basia Gulati. |
| 250 ## - EDITION STATEMENT | |
| Edition statement | Complete revised English edition. |
| 260 ## - PUBLICATION, DISTRIBUTION, ETC. (IMPRINT) | |
| Place of publication, distribution, etc. | Delhi : |
| Name of publisher, distributor, etc. | Oxford University Press, |
| Date of publication, distribution, etc. | 1998 [impression 2012] |
| 300 ## - PHYSICAL DESCRIPTION | |
| Pagination | li, 490 p. : |
| Illustrations | ill. ; |
| Size | 22 cm. |
| 490 ## - SERIES STATEMENT | |
| Series statement | Oxford India paperbacks |
| 500 ## - GENERAL NOTE | |
| General note | Originally published: Delhi : Oxford University Press, c1988. |
| 504 ## - BIBLIOGRAPHY, ETC. NOTE | |
| Bibliography, etc | Includes bibliographical references (pages 448-471) and index. |
| 650 #0 - SUBJECT ADDED ENTRY--TOPICAL TERM | |
| Topical term or geographic name as entry element | Caste |
| Geographic subdivision | India. |
| 9 (RLIN) | 171678 |
| Topical term or geographic name as entry element | Manners and customs |
| 9 (RLIN) | 171679 |
| Topical term or geographic name as entry element | Social conditions |
| 9 (RLIN) | 170900 |
| 700 1# - ADDED ENTRY--PERSONAL NAME | |
| Personal name | Sainsbury, Mark, |
| Relator term | translator. |
| Personal name | Gulati, Basia, |
| Relator term | translator. |
| 830 #0 - SERIES ADDED ENTRY--UNIFORM TITLE | |
| Uniform title | Oxford India paperbacks |
| 942 ## - ADDED ENTRY ELEMENTS (KOHA) | |
| Source of classification or shelving scheme | Dewey Decimal Classification |
| Koha item type | Books |
| Lost status | Source of classification or shelving scheme | Damaged status | Not for loan | Collection code | Permanent Location | Current Location | Shelving location | Date acquired | Source of acquisition | Cost, normal purchase price | Total Checkouts | Full call number | Date last seen | Copy number | Koha item type |
|---|---|---|---|---|---|---|---|---|---|---|---|---|---|---|---|
| Dewey Decimal Classification | Not For Loan | Non-fiction | Central Library, University of Rajshahi | Central Library, University of Rajshahi | Reading Room | 06/07/2013 | Paragon Enterprises Dhaka | 880.00 | 305.51220954 DUH 2012 | 12/12/2016 | C-1 | Books |